[Event "Iberoamerican-ch 9th"]
[Site "Panama City"]
[Date "2023.11.29"]
[Round "6"]
[White "Soto, Miguel Angel"]
[Black "Lombardo Batista, Elias"]
[Result "1-0"]
[WhiteElo "2359"]
[BlackElo "1755"]
[PlyCount "120"]
[EventDate "2023.11.25"]
[EventType "swiss"]
[EventRounds "9"]
[EventCountry "PAN"]
[SourceTitle "CB49_2023"]
[SourceDate "2023.12.06"]
[SourceVersion "1"]
[SourceVersionDate "2023.12.06"]
[SourceQuality "1"]

1. d4 Nf6 2. Nf3 e6 3. c4 d5 4. Nc3 Be7 5. Bf4 0-0 6. e3 Nbd7 7. Rc1 c5 8. dxc5 Nxc5 9. cxd5 Nxd5 10. Nxd5 exd5 11. a3 Ne6 12. Be5 Bf6 13. Bc3 Bxc3+ 14. Rxc3 d4 15. Nxd4 Nxd4 16. Qxd4 Qxd4 17. exd4 Rd8 18. Be2 Rxd4 19. Bf3 Bg4 20. Bxg4 Rxg4 21. 0-0 Re4 22. Rc7 b6 23. Rd1 Rae8 24. g3 Re1+ 25. Rxe1 Rxe1+ 26. Kg2 g6 27. Rxa7 Rb1 28. b4 Rb3 29. g4 h5 30. g5 h4 31. Ra8+ Kg7 32. h3 Kh7 33. Ra6 Kg7 34. Rxb6 Rxa3 35. Rd6 Rb3 36. Rd4 f6 37. gxf6+ Kxf6 38. Rxh4 g5 39. Rc4 Kg6 40. Rc6+ Kh5 41. Rb6 g4 42. hxg4+ Kxg4 43. Rb8 Kf4 44. b5 Ke5 45. b6 Kd6 46. f3 Kc6 47. Kg3 Rb1 48. Kg4 Rg1+ 49. Kf5 Rf1 50. f4 Rf2 51. Ke5 Re2+ 52. Kf6 Rf2 53. f5 Rf1 54. Ke6 Re1+ 55. Kf7 Rf1 56. f6 Rf2 57. Ke7 Re2+ 58. Kf8 Rf2 59. f7 Rf1 60. Kg7 Rg1+ 1-0

[Event "Panama op 4th"]
[Site "Panama City"]
[Date "2023.11.10"]
[Round "9"]
[White "Fabrega Van Der Laat, Jose Bernardo"]
[Black "Lombardo Batista, Elias"]
[Result "0-1"]
[WhiteElo "1359"]
[BlackElo "1755"]
[PlyCount "46"]
[EventDate "2023.11.06"]
[EventType "swiss"]
[EventRounds "9"]
[EventCountry "PAN"]
[SourceTitle "CB46_2023"]
[SourceDate "2023.11.15"]
[SourceVersion "1"]
[SourceVersionDate "2023.11.15"]
[SourceQuality "1"]

1. e4 e5 2. Nf3 Nf6 3. Nxe5 d6 4. Nf3 Nxe4 5. Nc3 Nxc3 6. dxc3 Be7 7. Be3 Nd7 8. Qd2 Nf6 9. Bd3 0-0 10. 0-0-0 c5 11. c4 b5 12. c3 Be6 13. Qe2 Qa5 14. Ng5 bxc4 15. Bb1 d5 16. Qc2 g6 17. Nxe6 fxe6 18. h4 Ng4 19. Qe2 Nxe3 20. Qxe3 Qb6 21. h5 Rab8 22. Qd2 Bg5 23. hxg6 Qxb2# 0-1